000 00499nam a22001817a 4500
003 OSt
005 20260210093823.0
008 260203b |||||||| |||| 00| 0 eng d
020 _a0078251184
040 _cCHUKA UNIVERSITY Library
050 _aPE 1112
_bC44 2012
100 _aGLA
_922983
245 _aGrammer and Composition Handbook
260 _aNew York
_bMcGraw-Hill
_c2012
300 _a594P
650 _aEnglish language--grammar--composition and exercises
_922984
942 _2lcc
_cBK
_n0
999 _c21383
_d21383